000 00575nam a2200205Ia 4500
005 20250923145239.0
008 008 250917s9999 xx 000 0 eng d
037 _aTextual
040 _aDSWL
_beng
_cDSWL
041 _aeng
_2eng
084 _aYobNW, N70
_qDSWL
100 _aJarvie, I.C.
_9833319
245 0 _aTowards A Sociology of the Cinema
_cby I.C. Jarvie
260 _aLondon
_bRoutledge & Kegan Paul
_c1970
300 _axiv,415p.
365 _aINR
_b80
925 _g80
942 _cTEXL
_hYobNW, N70
999 _c1448918
_d1448918